Vista normal
Vista MARC
Entrada Geographic Name
Número de registros utilizados en: 6
001 - CONTROL NUMBER
- control field: 9846
003 - CONTROL NUMBER IDENTIFIER
- control field: OSt
005 - DATE AND TIME OF LATEST TRANSACTION
- control field: 20200905122613.0
008 - FIXED-LENGTH DATA ELEMENTS
- fixed length control field: 200905|| aca||aabn | a|a d
040 ## - CATALOGING SOURCE
- Original cataloging agency: OSt
- Transcribing agency: OSt
151 ## - HEADING--GEOGRAPHIC NAME
- Geographic name: Colombia
- General subdivision: condiciones sociales
670 ## - SOURCE DATA FOUND
- Source citation: Work cat.: (OSt)4732: Banco Mundial 5980, La pobreza en Colombia / , 1996